| 000 | 00578nam a2200205 i 4500 | ||
|---|---|---|---|
| 001 | 52714 | ||
| 003 | ES-MaACL | ||
| 005 | 20230906162631.0 | ||
| 007 | t| | ||
| 008 | 030903s1971 sp ||||1| spa d | ||
| 100 | 1 |
_aDebray, Régis. _943131 |
|
| 245 | 1 | 0 |
_aTiempo, política / _cRégis Debray ; [traducción, Carmen Oiza]. |
| 260 |
_aBarcelona : _bA. Redondo, _c[1971] |
||
| 300 |
_a99 p. ; _c18 cm. |
||
| 490 | 1 | _aColección Beta | |
| 700 | 1 |
_aOiza, Carmen. _986598 |
|
| 830 | 0 |
_aColección Beta _9182347 |
|
| 852 |
_aES-MaACL _jC-42055 _bR.78545 |
||
| 999 |
_c52714 _d52714 |
||